MARC

LEADER 00000nam0a2200000 4500
001 355555
005 20231102010815.0
035 |a (RuTPU)RU\TPU\retro\12815 
090 |a 355555 
100 |a 20200709d1973 km y0rusy50 ca 
101 0 |a rus 
102 |a RU 
105 |a a z 000zy 
200 1 |a Огненная дуга  |f Г. А. Колтунов, Б. Г. Соловьев  |g Институт военной истории 
210 |a Москва  |c Воениздат  |d 1973 
215 |a 176 с.  |c ил. 
606 1 |a Курская операция 1943  |2 stltpush  |3 (RuTPU)RU\TPU\subj\66752  |9 82786 
610 1 |a Великая Отечественная война 1941-1945 
610 1 |a военные действия 
610 1 |a военные операции 
610 1 |a Курская битва 
610 1 |a воспоминания 
686 |a Т3(2)622,12  |v LBC/SL-A  |2 rubbk 
700 1 |a Колтунов  |b Г. А.  |g Григорий Автономович 
701 1 |a Соловьев  |b Б. Г.  |g Борис Григорьевич 
712 0 2 |a Институт военной истории  |c (Москва)  |2 stltpush  |3 (RuTPU)RU\TPU\col\9003  |9 24644 
801 1 |a RU  |b 63413507  |c 20200709 
801 2 |a RU  |b 63413507  |c 20210212  |g RCR 
942 |c BK